| 000 | 00539nam a22001817a 4500 | ||
|---|---|---|---|
| 005 | 20251108164306.0 | ||
| 008 | 250721s1987 xx 000 0 ara d | ||
| 082 | 1 | 4 | _a811.509/محم |
| 100 | 1 | _aالريسوني، محمد المنتصر | |
| 245 | 1 | 0 | _aالشعر النسوي في الأندلس / |
| 264 | 1 |
_aبيروت : _bدار مكتبة الحياه، _c1987. |
|
| 300 | _a192ص | ||
| 650 | 1 | 7 | _aالشعر العربي |
| 650 | 1 | 7 | _aالعصر الأندلسي |
| 650 | 1 | 7 | _aالمرأة |
| 942 |
_2ddc _cBK |
||
| 999 |
_c8550 _d8550 |
||